000
00341nam a22001457a 4500
008
210427b ||||| |||| 00| 0 eng d
020
_a
9781269809986
041
_a
eng
080
_a
330.101.542
082
_a
330.101.542
100
_a
52
101
_a
MIKRO
245
_a
Intermediate Microeconomics
_c
Steven R. Kursh
942
_2
udc
_c
BK
999
_c
56821
_d
56821